| 000 | 00954nam a22001937a 4500 | ||
|---|---|---|---|
| 999 |
_c57233 _d57233 |
||
| 003 | Ge_BSU | ||
| 005 | 20200124160312.0 | ||
| 008 | 200124s2020 ||||| |||| 00| 0 geo d | ||
| 020 | _a9789941816505 | ||
| 041 | _ageo | ||
| 080 | _a902(479.223)ბ-83 | ||
| 100 |
_aბოლქვაძე, ნიაზ. _94841 |
||
| 245 |
_aწინაპართა მემკვიდრეობის გადასარჩენად საქართველო : _bჩაქვი - უძველესი მეტალურგიის სათავეებთან / _cნიაზ ბოლქვაძე ; რედ. ავთანდილ დიასამიძე. |
||
| 264 |
_aთბილისი, _c2020. |
||
| 300 |
_a67 გვ .: _bილ .: _c19 სმ. |
||
| 653 | _aარქეოლოგია | ||
| 700 |
_aდიასამიძე, ავთანდილ _eრედაქტორი _96360 |
||
| 942 |
_2udc _cBK |
||